000 00508nam a2200181Ia 4500
005 20250508162827.0
008 008 250505s9999 xx 000 0 hin d
037 _aReference
040 _aFEDL
_beng
_cFEDL
041 _ahin
_2eng
084 _a300.7, JAI
_qFEDL
100 _aJain Amir Chand
_9774128
245 0 _aSamajik gyan shikshan
260 _aJaipur, India
_bRajasthan Hindi Granth Akademi
_c1983
300 _axii,282p.
942 _cREF
_h300.7, JAI
999 _c1378916
_d1378916